Quizzes
Events
Quiz Creation
Community
Videos
Private Events
Remove Ads
Sign In
Join for FREE
Feedback
Dark Mode
Quiz Categories
Sports
Geography
Music
Movies
Television
Just For Fun
Miscellaneous
History
Literature
Language
Science
Gaming
Entertainment
Religion
Holiday
For Kids
Quiz Lab
Recent
Popular Today
Quiz Kudos Today
Editor Picks
Curator Picks
Quizzes by...
Day
Popularity
Type
Ratings
Length
Year
Community
Subscriptions
Recent Discussions
Orange Saloon
Badges
Playlists
Quests
Create
Leaderboards
Showdown
Live 5
Trivia Bingo
Activity
Puzzle Library
Sporcle Events
Private Events
Virtual Trivia
Globe League
Become a Host
Pub Owners
SporcleCon
Opinionation
Our Games
Videos
Blog
Mobile Apps
Partnerships
Remove Ads and Go Orange
Feedback
Music
Pop Music
The Beatles
Song
Album
Lyrics
Bands
Singers
Artist
Clip
Rock
Rap
Classical
Billboard
Country Music
Kpop
Taylor Swift
Music
Pop Music
The Beatles
Song
Album
Lyrics
Bands
Singers
Artist
Clip
Rock
Rap
Classical
Billboard
Country Music
Kpop
Taylor Swift
Random Quiz
Search Sporcle
×
Quiz Lab
Quiz Lab
Music
Anime
Type in answers that appear in a list
Type in answers that appear in a list
Classic
Best Score? Go Orange.
Can you name the Vocaloids by picture? Stats
Can you name the Vocaloids by picture??
By
luxurychoccie
8m
16 Questions
5,487 Plays
5,487 Plays
5,487 Plays
Comments
Comments
Give Quiz Kudos
Give Quiz Kudos
-
- Ratings
hide this ad
More Info
Replay
Link that replays current quiz
Next Quiz
Link to next quiz in quiz playlist
You Got
0%
They Got
Avg Score
68%
Avg Friend Score
Upgrade to see
Score Distribution
Jump to the score distribution portion of the page
Score
0/16
Timer
08:00
0
Plays Today
Vocaloid
% Correct
Rin Kagamine
96.4%
Hatsune Miku
95%
Len Kagamine
93.7%
Luka Megurine
89.1%
Kaito Shion
88.8%
Gumi Megpoid
84.2%
Meiko Sakine
79.4%
Kamui Gakupo
75.9%
Vocaloid
% Correct
Kasane Teto
72.7%
Neru Akita
64.6%
Yowane Haku
60.2%
Akaito Shion
50.4%
Zatsune Miku
50.3%
Hachune Miku
45.1%
Tako Luka
39.5%
Kamaito Shion
8.2%
Quiz Playlist
Details
Report
Send in Message
Add To Playlist
More Info:
Some of the Characters are popular fan made characters.
Classic:
Type in answers that appear in a list
Last Updated: Apr 6, 2018
Quiz Scoreboard
CHALLENGE
Sign Up to Join the Scoreboard
Show All
Scores
Hide
Comments
May contain spoilers
Recently Published
Click the 1999 NBA Draft
by nibperrychub
Sports
2m
Alphabetical 'K' Countries by Flag Minefield
by ylime102
Geography
3m
Pick 6: Fruits
by JohnFran
Miscellaneous
15s
More to Explore
Quiz From the Vault
Featured Blog Post
15 Basketball Trivia Facts You Can Be March Mad About
hide this ad
You Might Also Like...
Tags
Anime Quiz
Anime Characters
Image Quiz
Japan
name
Vocaloid
Today's Top Quizzes in Music
Browse Music
hide this ad
Today's Top Quizzes in Anime
Browse Anime
Top Contributed Quizzes in Music
1
Taylor Swift All Songs (2024)
2
KPOP LOGIC QUIZ
3
A Taylor Swift Logic Puzzle
4
Guess the Taylor Swift song (Mystery Song)
5
Taylor Swift Logic Puzzle
6
K-Pop Murder Mystery Logic Quiz
7
kpop group name match up
8
Guess The Taylor Swift Lyrics Song #1
9
Kpop murder mystery 1
10
K-Pop : 100 Debut Songs (Part 1 of 3)
Explore More
Trending Topics
Marvel
Anime
Disney
Kpop
Crossword
NBA
Harry Potter
Song
WWE
NFL
Puzzle
The Office
Soccer
Country
Pokémon
hide this ad
More By:
luxurychoccie
Quiz
Plays
Rating
Category
Featured
Created
Don't Starve Characters
1,176
5.00
Gaming
Dec 19, 2013
Mirai Nikki- Future Diary Holders
1,103
5.00
Television
Jun 25, 2013
~~ Disney Lyrics 1 ~~
895
2.80
Movies
Feb 13, 2011
~~ Disney Lyrics 3 ~~
796
5.00
Music
Apr 7, 2011
~~ Disney Lyrics 5 ~~
658
5.00
Music
Apr 20, 2011
Go to Creator's Profile
Score Distribution
Quiz Creator Spotlight
luxurychoccie
Follow
Send a Message
Quizzes Created
-
Created Quiz Play Count
-
More By This Creator
Popular Quizzes Today
1
Countries of Asia Without Outlines Minefield
2
Find the US States - No Outlines Minefield
3
Pick 6: Fruits
4
Alphabetical 'K' Countries by Flag Minefield
5
The Countries of the World
6
Find the US States
7
US States
8
Match the Book to the Film X
More Music Quizzes
Rings in Song Titles I
Curator's Pick
Trending Quizzes
Pick 6: Harry Potter
Pick 6: Mountains
Pick 6: NFL Teams
Pick 6: Flags
Pick 6: Movie Franchises
Recently Updated
NWSL Teams
pecheneg
Women's Final Four Teams by Year
bhenderson79
Presidents Quartet II
eogle
Anything But Clue(do)
eogle
Anything But Oceanian Capitals
eogle
Anything But 7
eogle
Anything But Thing
eogle
Word Ladder: February 29
pecheneg
Song Title Questions
pecheneg
Women's NCAA Tournament #1 Seeds
pecheneg
Trending Topics
Anime
Kpop
Crossword
NBA
Harry Potter
Disney
Marvel
Puzzle
The Office
WWE
Pokémon
Song
Soccer
Country
NFL
Your Account Isn't Verified!
In order to create a playlist on Sporcle, you need to verify the email address you used during registration. Go to your
Sporcle Settings
to finish the process.
Report this User
Report this user for behavior that violates our
Community Guidelines
.
Details:
Send Report
Go to the Sporcle.com Mobile Site →
Comments